[Event "Kislovodsk Narzan op"]
[Site "Kislovodsk"]
[Date "2015.08.05"]
[Round "3"]
[White "Getman, Dmitriy"]
[Black "Seliverstova, Elizaveta"]
[Result "1-0"]
[WhiteElo "1626"]
[BlackElo "1707"]
[PlyCount "122"]
[EventDate "2015.08.01"]
[EventType "swiss"]
[EventRounds "9"]
[EventCountry "RUS"]
[SourceTitle "EXT 2016"]
[Source "ChessBase"]
[SourceDate "2015.10.08"]
[SourceVersion "1"]
[SourceVersionDate "2015.10.08"]
[SourceQuality "1"]

1. d4 e6 2. e3 c5 3. c3 cxd4 4. exd4 a6 5. Bd3 Qc7 6. Nf3 Nc6 7. 0-0 Nf6 8. Nbd2 Be7 9. Ne4 Nxe4 10. Bxe4 d5 11. Bd3 0-0 12. Re1 Bf6 13. Bg5 Qe7 14. Bxf6 Qxf6 15. Ne5 Rd8 16. Qg4 Ne7 17. f4 Nf5 18. Bxf5 Qxf5 19. Qxf5 exf5 20. Nd3 Be6 21. Nc5 Bc8 22. a4 Rb8 23. a5 g6 24. Re5 Be6 25. Nxe6 fxe6 26. Rxe6 Re8 27. Rae1 Kf7 28. Rxe8 Rxe8 29. Rxe8 Kxe8 30. Kf2 Kd7 31. b3 Kc6 32. b4 b6 33. axb6 Kxb6 34. Ke3 a5 35. bxa5+ Kxa5 36. Kd3 Kb5 37. c4+ dxc4+ 38. Kc3 h6 39. h4 h5 40. g3 Kc6 41. Kxc4 Kd6 42. d5 Kd7 43. Kc5 Kc7 44. d6+ Kd7 45. Kd5 Kd8 46. Ke6 Ke8 47. Kf6 Kd7 48. Kxg6 Kxd6 49. Kxh5 Ke6 50. Kg6 Ke7 51. Kg7 Ke6 52. h5 Kd5 53. h6 Ke4 54. h7 Kf3 55. h8Q Kxg3 56. Qh6 Kg4 57. Qg5+ Kf3 58. Qxf5 Ke3 59. Qe5+ Kf3 60. f5 Kg4 61. f6 Kh4 1-0